| 000 | 00658ngm a22002650a 4500 | ||
|---|---|---|---|
| 001 | PT15049 | ||
| 003 | AR-LpoUNG | ||
| 005 | 20210201232401.0 | ||
| 007 | co ||u|||uuuuu | ||
| 008 | 191001s2000||||ck |||||||||||||||||eng d | ||
| 020 |
_a0072366044 _c$26.66 |
||
| 040 |
_aAR-LpoUNG _bspa _cAR-LpoUNG _eaacr |
||
| 041 | _aeng | ||
| 044 | _ack | ||
| 082 | 0 | _a515.3 657cal | |
| 100 | 1 | _aSmith, Robert T. | |
| 245 | 1 | 0 |
_aCálculus : _belectrony study guide |
| 250 | _a1ra. ed. | ||
| 260 |
_aSanta Fe de Bogotá : _bMcGraw-Hill, _c2000. |
||
| 300 | _agráfs. | ||
| 650 | 4 | _aMATEMATICAS | |
| 700 | 1 | _aMinton, Roland B. | |
| 905 | _a15049 | ||
| 942 | _cCDDVD | ||
| 999 |
_c53533 _d53533 |
||